000 00457nam a22001817a 4500
003 MPLRDC
005 20220104144045.0
008 210129b ||||| |||| 00| 0 eng d
020 _a983-9150-01-4
082 _a857.621 HY-4 v.1 c.3
100 _a黄易
245 _a星际浪子. 卷一
_c
260 _a
_b新华书局有限公司
_c
300 _b
490 _a黄易. 玄幻系列
650 _a玄幻小说
942 _cBK
_o857.621 HY-4 v.1 c.3
999 _c45978
_d45968